000 01441nam0a22002891 4500
001 rc\4359727
005 20250611162218.0
021 _aRU
_b[60-46751]
035 _a(NLR Aleph) 008282276
090 _a8523943
_c8523943
100 _a20130416d1960 |||y0rusy50 ca
101 1 _arus
_crom
102 _aRU
105 _ac z |||a|
200 1 _aПовести и рассказы
_fПер. с цыганского М. Вардашко
_g[Послесл. Б. Турганова]
210 _aМосква
_cСов. писатель
_d1960
215 _a243 с., 1 л. портр.
_d17
327 1 _aСодерж.: Мирикля; Из неписанных законов; В пути; Счастье неугасимое; Красота природы; Суркица; Борода; Бубкин; Тиля; Пужала; Чернако и князь; Гость
464 0 _12001#$aМирикля$aИз неписанных законов$aВ пути$aСчастье неугасимое$aКрасота природы$aСуркица$aБорода$aБубкин$aТиля$aПужала$aЧернако и князь$aГость
_tГость
700 1 _aГерман
_bА.В.
_f1893-1955
_gАлександр Вячеславович
702 1 _aВардашко
_bМ.
_4730
702 1 _aТурганов
_bБ.
_4080
801 0 _aRU
_bNLR
_gpsbo
801 1 _aRU
_bELAR
_2rusmarc
852 _aNLR
_j60-2/1509
942 _cBOOK
980 _aNB